• 首页
  • 本馆介绍
  • 公告通知
  • 最新文献
  • 馆藏检索
  • 电子资源
  • 读者导购
  • 参考咨询
  • 我的图书馆
  • 登录
  • 详细信息显示
  • 放入我的书架
  • 预约/预借图书
  • 作者相关作品
  • 分类相关作品
  • 丛书相关作品
  • 出版社相关作品

书目信息

  • 表格格式
  • 工作单格式
  • 卡片格式
书名: Solar system
作者: by Kendrick Frazier and the editors of Time-Life Books.
分册号:
分册名:
出版地: Alexandria, Va. :
 
出版社: Time-Life Books
出版时间: c1985.
页数: 176 p. :
开本: 29 cm.
丛书名: Planet earth
中图分类号:
科图分类号:
其他分类号: P18
主题词:
电子资源:
000 00931cam a2200301 a 450
001 E0741455797
005 20070513113710.20
008 840802s1985 vaua b 001 0 eng
010    @a84016117
020    @a0809445298.
020    @a0809445301 (lib. bdg.).
035    @A(DLC) 84016117
040    @aDLC@cDLC@dDLC
050 00 @aQB501@b.F73 1985
082 00 @a523.2@2 19
090    @aP18
099    @dP18@ex42
100 1  @aFrazier, Kendrick.
245 10 @aSolar system / @cby Kendrick Frazier and the editors of Time-Life Books.
260    @aAlexandria, Va. :@bTime-Life Books,@cc1985.
300    @a176 p. :@bill. (chiefly col.) ;@c29 cm.
440  0 @aPlanet earth
500    @aIncludes index.
504    @aBibliography: p. 172-173.
651  0 @aSolar system.
710 2  @aTime-Life Books.
906    @a7@bcbc@corignew@d1@eocip@f19@gy-gencatlg
991    @bc-GenColl@hQB501@i.F73 1985@p00035851768@tCopy 1@wBOOKS
    
    Solar system / / by Kendrick Frazier and the editors of Time-Life Books.-Alexandria, Va. : : Time-Life Books, , c1985.
    176 p. : : ill. (chiefly col.) ; ; 29 cm.- (Planet earth )
    Includes index.-Bibliography: p. 172-173.
    
    ISBN 0809445298.
    
●
相关链接 在E读中查询图书 在五车中查询图书 在当当中查询图书 在豆瓣中查询图书


正题名:Solar system     索取号:P18/x42         预约/预借

序号 登录号 条形码 馆藏地/架位号 状态 备注
1 0008636   300086369   第二样本阅览室/ [索取号:P18/x42] 在馆    
唐山师范学院图书馆 欢迎您!
大连网信软件有限公司© 版权所有